FREQUÊNCIAS MAPRO - Statistics

Estatísticas Gerais
  • Esse quiz foi jogado 524 vezes
  • A pontuação média é 9 de 11
Estatísticas das Respostas
Hint Resposta % Correto
ARGOS 134,6
95%
SOLAR 126,3
94%
VÉSPER 121,7
92%
FÊNIX 133,0
90%
CAPELA 118,3
81%
CANÓPUS 121,9
81%
CORINGA 122,3
71%
TRUNFOS 136,15
70%
FLECHA 120,1
60%
TUCANO 124,3
60%
POLÁRIS 123,6
59%
Nenhum quiz correspondente encontrado
Distribuição das Pontuações
Porcentagem de Pessoas com Cada Pontuação
Percentil de Números Respondidos
Sua Pontuação Histórica
Você não jogou esse quiz